| 000 | 003970000a22001570004500 | ||
|---|---|---|---|
| 001 | 000362 | ||
| 003 | MACL | ||
| 040 | _aMACL | ||
| 090 |
_c362 _d362 |
||
| 100 | _aPrasad, Hari Mohan | ||
| 245 |
_aObjective English _bFor Competitive Examination _cHari Mohan Prasad |
||
| 260 |
_aTata McGraw-Hill Publishing Company, _c1999 |
||
| 650 | _aEnglish Language | ||
| 942 |
_k420 _cBOOK |
||
| 951 | _o420 BOOK | ||
| 999 |
_c49669 _d49669 |
||